| 000 | 01109cam a2200217 4500 | ||
|---|---|---|---|
| 001 | WB3824-06 | ||
| 008 | 020703n2002 000 0 eng u | ||
| 035 | _a(Sirsi) u118671 | ||
| 245 | _aHealthy UK regional office market | ||
| 260 | _c2002 | ||
| 490 |
_aRICS Commercial Property Faculty News _v28 June 2002, (1) |
||
| 520 | _aDTZ's latest "UK regional offices research" highlights that the UK's regional office markets have continued to perform well over the last six months and are likely to do so throughout the rest of 2002. The UK's regional markets have seen £774m of investment overall, with Birmingham, Manchester and Belfast accounting for the majority of the investment deals. DTZ at http://www.dtz.com. http://www.rics.org/ricscms/bin/show?class=News&template=/includes/shownews.html&id=2993 | ||
| 590 | _aWB | ||
| 650 | _aPROPERTY-COMMERCIAL PROPERTY-OFFICE PROPERTY-OFFICE PROPERTY MARKET | ||
| 650 | _aDTZ | ||
| 650 | _aREGIONAL OFFICES | ||
| 650 | _aOFFICE TAKE-UP | ||
| 650 | _aOFFICE RENTS | ||
| 690 | _aPROPERTY-COMMERCIAL PROPERTY-COMMERCIAL PROPERTY MARKET | ||
| 942 | _n0 | ||
| 999 |
_c70671 _d70671 |
||